MARC

LEADER 00000nam0a2200000 4500
001 13125
005 20231101204854.0
035 |a (RuTPU)RU\TPU\book\13206 
035 |a BOOK00013274 
090 |a 13125 
100 |a 20011209d1999 m y0rusy50 ca 
101 0 |a rus  |a eng 
102 |a RU 
105 |a y j 000zy 
200 1 |a Английский язык. Дистанционное обучение  |h Ч. I  |e учебное пособие  |f Л. Д. Гартман [и др.]  |g Томский политехнический университет (ТПУ) 
210 |a Томск  |c Изд-во ТПУ  |d 1999 
215 |a 75 с. 
451 1 |0 (RuTPU)RU\TPU\book\14239  |t Ч. 1  |d 2000  |p 99 с. 
606 |a Английский язык  |x Учебные руководства и пособия  |x Учебные руководства и пособия для высшей школы  |2 stltpush  |3 (RuTPU)RU\TPU\subj\29071  |9 52483 
606 |a Английский язык  |x Учебные руководства и пособия для заочного обучения  |2 stltpush  |3 (RuTPU)RU\TPU\subj\29077  |9 52489 
610 1 |a учебные пособия 
610 1 |a дистанционное обучение 
610 1 |a заочное обучение 
686 |a Ш143.21-923  |v LBC/SL-A  |2 rubbk 
686 |a Ш143.21-98  |v LBC/SL-A  |2 rubbk 
701 1 |a Гартман  |b Л. Д. 
701 1 |a Покушалова  |b Л. В. 
701 1 |a Карташова  |b И. Н. 
701 1 |a Сапунова  |b Ю. В. 
701 1 |a Бородина  |b Л. Ю. 
712 0 2 |a Томский политехнический университет (ТПУ)  |z 1991-  |2 stltpush  |3 (RuTPU)RU\TPU\col\376 
801 0 |a RU  |b 63413507  |c 20011209  |g PSBO 
801 2 |a RU  |b 63413507  |c 20170921  |g PSBO 
900 |a Иностранный язык 
942 |c BK